• 首页
  • 本馆介绍
  • 公告通知
  • 最新文献
  • 馆藏检索
  • 电子资源
  • 读者导购
  • 参考咨询
  • 我的图书馆
  • 登录
  • 详细信息显示
  • 放入我的书架
  • 预约/预借图书
  • 作者相关作品
  • 分类相关作品
  • 丛书相关作品
  • 出版社相关作品

书目信息

  • 表格格式
  • 工作单格式
  • 卡片格式
题名:
非洲热带木材
    
 
作者: 刘鹏 , 姜笑梅 , 张立非 编著
分册:  
出版信息: 北京   中国林业出版社  2008
页数: [13] 页,352页,[126] 页图版
开本: 26cm
丛书名:
单 册:
中图分类: S781.894
科图分类:
主题词: 木材--热带林--非洲
电子资源:
ISBN: 978-7-5038-5141-4
000 00827nam0 2200277 45
001 012001001679
005 20191122092103.67
010    @a978-7-5038-5141-4@dCNY245.00
099    @aCAL 012008185930
100    @a20081229d2008 ekmy1y0cy50 ea
101 0  @achi
102    @aCN@b110000
105    @aak ac 001yy
106    @ar
200 1  @a非洲热带木材@f刘鹏,姜笑梅,张立非编著
205    @a第2版
210    @a北京@c中国林业出版社@d2008
215    @a[13] 页,352页,[126] 页图版@c图 (部分彩图)@d26cm
320    @a有书目 (第351-352页)和索引
606 0  @a木材@x热带林@y非洲
690    @aS781.894@v4
701  0 @a刘鹏@ALiu Peng@c(林业)@4编著
701  0 @a姜笑梅@AJiang Xiaomei@4编著
701  0 @a张立非@AZhang Lifei@c(木材工业)@4编著
801  0 @aCN@b北京卓展@c20191020
905    @b1198763-4@dS781.894@e139=2@f2
    
    非洲热带木材/刘鹏,姜笑梅,张立非编著.-第2版.-北京:中国林业出版社,2008
    [13] 页,352页,[126] 页图版:图 (部分彩图);26cm
    
    
    ISBN 978-7-5038-5141-4:CNY245.00
    
●
相关链接 在E读中查询图书 在五车中查询图书 在当当中查询图书 在豆瓣中查询图书


正题名:非洲热带木材     索取号:S781.894/139=2         预约/预借

序号 登录号 条形码 馆藏地/架位号 状态 备注
1 1198763   211987634   第二样本阅览室/ [索取号:S781.894/139=2] 在馆    
2 1198764   211987643   第三借阅区/ [索取号:S781.894/139=2] 在馆    
唐山师范学院图书馆 欢迎您!
大连网信软件有限公司© 版权所有